Statistics for Most Googled Countries

Click here to take the quiz!

General Stats

  • This quiz has been taken 48 times
  • The average score is 9 of 10

Answer Stats

PlacingContinentFirst LetterCountry% Correct
7North AmericaCCanada
100%
10OceaniaAAustralia
98%
4North AmericaMMexico
96%
9South AmericaCColombia
93%
3AsiaIIndia
93%
5AsiaJJapan
93%
1EuropeLLuxembourg
93%
2AsiaSSingapore
83%
8North AmericaEEl Salvador
80%
6AsiaMMalaysia
80%

Score Distribution

Percentile by Number Answered

Percent of People with Each Score

Your Score History

You have not taken this quiz